000 00364nam a2200157Ia 4500
003 0STCL
008 150530s9999 xx 000 0 und d
040 _aSTCL
_cSTCL
100 _aTheodore Pappas
245 _aMalayalam Encyclopaedic Desk Reference vol-3
260 _c2003
546 _aEnglish
942 _2ddc
_cBK
999 _c1758
_d1758
005 20220125160227.0